000 00806cam a22002773a 4500
001 14110
003 PGUSA
005 20140828083313.0
008 041123s2004||||xxu|||||s|||||000 1 eng d
040 _aPGUSA
_beng
042 _adc
050 4 _aPZ
100 1 _aMitchell, George,
_d1873-1967
245 1 0 _aKernel Cob And Little Miss Sweetclover
_h[electronic resource] /
_cGeorge Mitchell
260 _bProject Gutenberg,
_c2004
506 _aPublic domain in the USA.
516 _aElectronic text
653 _aFantasy
653 _aVoyages and travels -- Juvenile fiction
653 _aDolls -- Juvenile fiction
653 _aAdventure stories
700 1 _aSarg, Tony,
_d1880-1942
830 0 _aProject Gutenberg
_v14110
856 4 0 _uhttp://www.gutenberg.org/ebooks/14110
942 _cEB
999 _c243365
_d243365